ගුණෝදය-1969-70 (Record no. 219283)
[ view plain ]
| 000 -LEADER | |
|---|---|
| fixed length control field | 00717nam a22002177a 4500 |
| 003 - CONTROL NUMBER IDENTIFIER | |
| control field | LK-CoDNM |
| 005 - DATE AND TIME OF LATEST TRANSACTION | |
| control field | 20241014134056.0 |
| 008 - FIXED-LENGTH DATA ELEMENTS--GENERAL INFORMATION | |
| fixed length control field | 241014b |||||||| |||| 00| 0 eng d |
| 040 ## - CATALOGING SOURCE | |
| Original cataloging agency | LK-CoDNM |
| Modifying agency | LK-CoDNM |
| Description conventions | LK-CoDNM |
| 041 ## - LANGUAGE CODE | |
| Language code of text/sound track or separate title | Sinhala; Sinhalese |
| 080 ## - UNIVERSAL DECIMAL CLASSIFICATION NUMBER | |
| Universal Decimal Classification number | ප්ර.ග |
| Item number | 12.1 |
| 942 ## - ADDED ENTRY ELEMENTS (KOHA) | |
| Koha item type | Books |
| 100 ## - MAIN ENTRY--PERSONAL NAME | |
| Personal name | කේ. කේ. පියදාස |
| 245 ## - TITLE STATEMENT | |
| Title | ගුණෝදය-1969-70 |
| Remainder of title | කලාප 1-3 |
| 260 ## - PUBLICATION, DISTRIBUTION, ETC. (IMPRINT) | |
| Date of publication, distribution, etc. | 1970 |
| Place of publication, distribution, etc. | ගාල්ල |
| Name of publisher, distributor, etc. | ආරියදාස මුද්රණාලය |
| 300 ## - PHYSICAL DESCRIPTION | |
| Other physical details | 86p. ; 24 cm |
| 650 ## - SUBJECT ADDED ENTRY--TOPICAL TERM | |
| Topical term or geographic name as entry element | ගුණෝදය-1969-70 |
| 650 ## - SUBJECT ADDED ENTRY--TOPICAL TERM | |
| Topical term or geographic name as entry element | කේ. කේ. පියදාස |
| 650 ## - SUBJECT ADDED ENTRY--TOPICAL TERM | |
| Topical term or geographic name as entry element | ආරියදාස මුද්රණාලය |
| 650 ## - SUBJECT ADDED ENTRY--TOPICAL TERM | |
| Topical term or geographic name as entry element | ප්ර.ග 12.1 |
| Withdrawn status | Lost status | Damaged status | Not for loan | Collection code | Permanent Location | Current Location | Shelving location | Date acquired | Full call number | Barcode | Koha item type |
|---|---|---|---|---|---|---|---|---|---|---|---|
| Damaged | Old Books Collection | Library National Museum Colombo - Sri Lanka | Library National Museum Colombo - Sri Lanka | Reference | 2024-10-14 | ප්ර.ග 12.1 | OJP3278-3 | Books |


